00766nam a2200217Ii 45000010005000000030009000050080041000140400033000550410008000880820016000961000030001122450036001422640068001783000012002463360026002583370028002843380027003129400050003399990017003899520142004065720CO-ViMGA241108s9999||||xx |||||||||||||| ||und|| aCO-ViMGAbspaerdacCO-ViMGA0 aunk04a843.8-M777c1 aXavier de Montepin95730210aLos compañeros de la Antorcha 1a[Lugar de publicación no identificado] : Ramón Sopena, 1957 avolumen atextbtxt2rdacontent aunmediatedbn2rdamedia avolumebnc2rdacarrier aidficha_siabuc: 5574. -- ficha_no_siabuc:5720 c55670d55670 001040708001aMEVIGERRbMEVIGERRcGENd2006-11-27hVol.1o843.8-M777cpECA4879r2024-11-26 10:51:39tEj.1w2024-11-26yBKz5574 | 7828